[Event "Madrid-ch Previa-B"]
[Site "Madrid"]
[Date "2025.02.28"]
[Round "8.8"]
[White "Garcia Tanjala, Marko"]
[Black "Tereso Martin, Antonio"]
[Result "1-0"]
[WhiteElo "1822"]
[BlackElo "1962"]
[PlyCount "82"]
[GameId "2154040168874220"]
[EventDate "2025.01.30"]
[EventType "swiss"]
[EventRounds "9"]
[EventCountry "ESP"]

1. e4 d6 2. Nc3 Nf6 3. d4 c6 4. f4 Qa5 5. Bd3 e5 6. fxe5 dxe5 7. dxe5 Ng4 8. h3 Nxe5 9. Nf3 Nbd7 10. O-O Bc5+ 11. Kh1 O-O 12. Bf4 Re8 13. a3 Qc7 14. Bc4 Bd6 15. Bxe5 Bxe5 16. Bxf7+ Kxf7 17. Nxe5+ Kg8 18. Nc4 Ne5 19. Qd6 Qxd6 20. Nxd6 Re7 21. b3 Be6 22. Rad1 g6 23. Rd4 Kg7 24. Kg1 b5 25. Nf5+ gxf5 26. exf5 Rf8 27. fxe6 Rxf1+ 28. Kxf1 Rxe6 29. Re4 Kf6 30. Ke2 h5 31. Kf2 Kf5 32. g3 a5 33. Rf4+ Kg6 34. Ne4 Nf7 35. Rxf7 Kxf7 36. Ng5+ Kf6 37. Nxe6 Kxe6 38. Ke3 Ke5 39. g4 hxg4 40. hxg4 c5 41. a4 bxa4 1-0

[Event "Madrid-ch Previa-B"]
[Site "Madrid"]
[Date "2025.02.28"]
[Round "8.10"]
[White "Perdiguero Herreros, Alejandro"]
[Black "Godoy Herrera, Carlos"]
[Result "1-0"]
[WhiteElo "1924"]
[BlackElo "1806"]
[PlyCount "75"]
[GameId "2154114696020180"]
[EventDate "2025.01.30"]
[EventType "swiss"]
[EventRounds "9"]
[EventCountry "ESP"]

1. e4 d5 2. exd5 Qxd5 3. Nc3 Qa5 4. d4 c6 5. Nf3 Bg4 6. Bc4 e6 7. h3 Bxf3 8. Qxf3 Nf6 9. O-O Qc7 10. Bf4 Bd6 11. Bxd6 Qxd6 12. Ne2 Nbd7 13. Bb3 O-O 14. Rad1 Nb6 15. c4 Qc7 16. Nc3 Rad8 17. Qe3 Rfe8 18. f4 a6 19. Qf2 Nbd7 20. Rfe1 c5 21. d5 exd5 22. Rxe8+ Rxe8 23. Nxd5 Qc6 24. Nc3 Qe6 25. Ba4 Re7 26. Nd5 Nxd5 27. Rxd5 b5 28. Bb3 b4 29. Ba4 g6 30. Bxd7 Rxd7 31. Qxc5 Qe1+ 32. Kh2 Re7 33. Re5 Rxe5 34. Qxe5 Qf2 35. c5 f6 36. Qd6 g5 37. fxg5 fxg5 38. c6 1-0

[Event "Madrid-ch Previa-B"]
[Site "Madrid"]
[Date "2025.02.28"]
[Round "8.11"]
[White "De Vicente Guijarro, Juan"]
[Black "Senador Gomez Jaen, Julio"]
[Result "1-0"]
[WhiteElo "1922"]
[BlackElo "1796"]
[PlyCount "85"]
[GameId "2154115512041717"]
[EventDate "2025.01.30"]
[EventType "swiss"]
[EventRounds "9"]
[EventCountry "ESP"]

1. e4 c6 2. d4 d5 3. e5 Bf5 4. Nf3 e6 5. Be2 Nd7 6. O-O Ne7 7. Nh4 Bg6 8. Nd2 Nf5 9. Nxg6 hxg6 10. Nf3 c5 11. c3 a6 12. a4 Be7 13. Bd3 c4 14. Bc2 b5 15. Bd2 O-O 16. g3 Qb6 17. Kg2 b4 18. h4 a5 19. Rh1 Qd8 20. Ng5 Ra6 21. Qg4 Nh6 22. Qh3 f5 23. exf6 Rxf6 24. Rae1 Nf8 25. Re2 b3 26. Bb1 Qd7 27. h5 gxh5 28. Qxh5 Bd6 29. Qh3 Bb8 30. Rhe1 Rb6 31. Nf3 Nf7 32. Ne5 Qxa4 33. Nxf7 Rxf7 34. Rh1 Rd7 35. Bh7+ Nxh7 36. Qxh7+ Kf7 37. Bh6 Ke7 38. Qxg7+ Kd8 39. Qf8+ Kc7 40. Bf4+ Rbd6 41. Rxe6 Qc6 42. Bxd6+ Rxd6 43. Rh7+ 1-0

[Event "Madrid-ch Previa-B"]
[Site "Madrid"]
[Date "2025.02.28"]
[Round "8.13"]
[White "Arce Balluerca, Oscar"]
[Black "Huerta Marroquin, Borja"]
[Result "1-0"]
[WhiteElo "1842"]
[BlackElo "1596"]
[PlyCount "81"]
[GameId "2154116878422290"]
[EventDate "2025.01.30"]
[EventType "swiss"]
[EventRounds "9"]
[EventCountry "ESP"]

1. e4 e6 2. c4 d5 3. cxd5 exd5 4. exd5 Nf6 5. d4 Nxd5 6. Nf3 Bb4+ 7. Bd2 Qe7+ 8. Be2 Nf4 9. Kf1 Bxd2 10. Qxd2 Nxe2 11. Qxe2 b6 12. Nc3 Ba6 13. Qxa6 Nxa6 14. Re1 Qxe1+ 15. Kxe1 O-O 16. Kd2 f6 17. a3 Rad8 18. Nb5 Ra8 19. Rc1 Rf7 20. Rc6 Rd7 21. b4 Rad8 22. Kd3 Rd5 23. Nxc7 Nxc7 24. Rxc7 a5 25. Rb7 axb4 26. axb4 b5 27. g4 h5 28. h3 Kh7 29. Ke4 Kh6 30. Rb6 hxg4 31. hxg4 R8d6 32. Rxd6 Rxd6 33. d5 g6 34. Kd4 Rb6 35. Kc5 Rb8 36. d6 Kg7 37. Nd4 Kf7 38. Nc6 Rh8 39. d7 Rh1 40. d8=Q Rc1+ 41. Kxb5 1-0

[Event "Madrid-ch Previa-B"]
[Site "Madrid"]
[Date "2025.02.28"]
[Round "8.14"]
[White "Quiroga Andres, Carlos"]
[Black "Rosado Rio-Perez, Alberto"]
[Result "1-0"]
[WhiteElo "1841"]
[BlackElo "1640"]
[PlyCount "61"]
[GameId "2154117888319777"]
[EventDate "2025.01.30"]
[EventType "swiss"]
[EventRounds "9"]
[EventCountry "ESP"]

1. d4 d6 2. Nf3 Nf6 3. g3 Nbd7 4. c4 e5 5. Nc3 Be7 6. Bg2 O-O 7. O-O c6 8. e4 Qc7 9. b3 Re8 10. Bb2 Rb8 11. Rc1 a6 12. a4 b6 13. Qc2 Bb7 14. Qb1 a5 15. Rfe1 Ba6 16. Qa1 Bf8 17. d5 Nc5 18. Qb1 Nxb3 19. Rc2 Nc5 20. dxc6 Qxc6 21. Nd5 Nxd5 22. cxd5 Qxa4 23. Rc3 Bd3 24. Rxd3 Nxd3 25. Qxd3 Rec8 26. Bf1 Rc2 27. Ra1 Qxa1 28. Bxa1 Rc1 29. Bb2 Rc7 30. Nxe5 b5 31. Nc6 1-0

[Event "Madrid-ch Previa-B"]
[Site "Madrid"]
[Date "2025.02.28"]
[Round "8.15"]
[White "Gallardo Moreno, Alberto"]
[Black "Clavero Alarcon, Jose Miguel"]
[Result "0-1"]
[WhiteElo "1656"]
[BlackElo "1822"]
[PlyCount "24"]
[GameId "2154118917402928"]
[EventDate "2025.01.30"]
[EventType "swiss"]
[EventRounds "9"]
[EventCountry "ESP"]

1. e4 e5 2. Nc3 Nf6 3. g3 d5 4. exd5 Bc5 5. Qe2 O-O 6. Bg2 c6 7. dxc6 Nxc6 8. Ne4 Nd4 9. Nxf6+ Qxf6 10. Qd1 Nxc2+ 11. Qxc2 Qxf2+ 12. Kd1 Bg4+ 0-1

[Event "Madrid-ch Previa-B"]
[Site "Madrid"]
[Date "2025.02.28"]
[Round "8.16"]
[White "Blanco Barrios, Aitana"]
[Black "Castro Contreras, Bruno"]
[Result "1/2-1/2"]
[WhiteElo "1850"]
[BlackElo "1731"]
[PlyCount "41"]
[GameId "2154119436677439"]
[EventDate "2025.01.30"]
[EventType "swiss"]
[EventRounds "9"]
[EventCountry "ESP"]

1. e4 c5 2. Nf3 d6 3. d4 cxd4 4. Nxd4 Nf6 5. Nc3 a6 6. f3 e5 7. Nb3 Be6 8. Be3 Be7 9. Qd2 Qc7 10. Be2 Nbd7 11. O-O O-O 12. Rac1 Nb6 13. Rfd1 d5 14. exd5 Nbxd5 15. Nxd5 Nxd5 16. Bf2 Rad8 17. Qa5 Qb8 18. Qe1 Bg5 19. Ra1 Ne3 20. Rxd8 Rxd8 21. Qc3 1/2-1/2

[Event "Madrid-ch Previa-B"]
[Site "Madrid"]
[Date "2025.02.28"]
[Round "8.17"]
[White "Caballero Sanchez, Francisco"]
[Black "Jolani, Parnian"]
[Result "1-0"]
[WhiteElo "1775"]
[BlackElo "1847"]
[PlyCount "58"]
[GameId "2154152620335443"]
[EventDate "2025.01.30"]
[EventType "swiss"]
[EventRounds "9"]
[EventCountry "ESP"]

1. e4 d6 2. d4 Nf6 3. Nc3 e5 4. dxe5 dxe5 5. Qxd8+ Kxd8 6. Nf3 Nbd7 7. Ng5 Ke8 8. Bc4 Bb4 9. Nxf7 Rf8 10. Ng5 Nc5 11. O-O Bxc3 12. bxc3 Ncxe4 13. Re1 Nxg5 14. Rxe5+ Ne6 15. Bxe6 Bxe6 16. Rxe6+ Kd7 17. Re3 Ng4 18. Rg3 Nxf2 19. Rxg7+ Kc6 20. Ba3 Rf6 21. Be7 Ne4 22. Bxf6 Nxf6 23. Re1 Rf8 24. c4 Kb6 25. Ree7 Ne8 26. Rxh7 Kc5 27. Rhf7 Rg8 28. Rf5+ Kd6 29. Rfe5 b6 1-0

[Event "Madrid-ch Previa-B"]
[Site "Madrid"]
[Date "2025.02.28"]
[Round "8.18"]
[White "Pan, Angel Jiaye"]
[Black "Quiros Florea, Rafael Santiago"]
[Result "0-1"]
[WhiteElo "1653"]
[BlackElo "1660"]
[PlyCount "76"]
[GameId "2154153273565537"]
[EventDate "2025.01.30"]
[EventType "swiss"]
[EventRounds "9"]
[EventCountry "ESP"]

1. e4 c5 2. Nc3 d6 3. f4 g6 4. Nf3 Bg7 5. d4 cxd4 6. Nxd4 Nc6 7. Bb5 Bd7 8. Bxc6 bxc6 9. O-O Qb6 10. Be3 c5 11. Nb3 Nf6 12. e5 Ng4 13. Nd5 Qb8 14. exd6 Nxe3 15. Nxe3 exd6 16. Nc4 O-O 17. Qxd6 Qxd6 18. Nxd6 c4 19. Nxc4 Bb5 20. Nbd2 Rac8 21. b3 Bxa1 22. Rxa1 Rfd8 23. a4 Ba6 24. Rc1 Rd4 25. g3 Rcd8 26. Nf3 Rd1+ 27. Rxd1 Rxd1+ 28. Kf2 Bxc4 29. bxc4 Kf8 30. Ke3 Ke7 31. Ne5 Ra1 32. a5 f6 33. Nc6+ Kd6 34. Nxa7 Rxa5 35. Nb5+ Kc5 36. Kd3 Ra4 37. Nc3 Ra3 38. g4 Kb4 0-1

[Event "Madrid-ch Previa-B"]
[Site "Madrid"]
[Date "2025.02.28"]
[Round "8.20"]
[White "Rodriguez Torrejon, Alberto"]
[Black "Alberca Sanchez, Jose Miguel"]
[Result "1-0"]
[WhiteElo "1630"]
[BlackElo "1572"]
[PlyCount "97"]
[GameId "2154154581680505"]
[EventDate "2025.01.30"]
[EventType "swiss"]
[EventRounds "9"]
[EventCountry "ESP"]

1. e4 c6 2. d4 d5 3. e5 c5 4. c3 Nc6 5. Nf3 Bg4 6. h3 Bh5 7. Bd3 Bxf3 8. Qxf3 cxd4 9. e6 Nf6 10. exf7+ Kxf7 11. c4 Ne5 12. Qe2 Nxd3+ 13. Qxd3 dxc4 14. Qxc4+ Qd5 15. Nd2 e5 16. O-O Bd6 17. Re1 Rac8 18. Qxd5+ Nxd5 19. Ne4 Bb8 20. Ng5+ Kg6 21. g4 h6 22. Nf3 Rhe8 23. a4 Nb4 24. Re2 Nd3 25. Bd2 Nxb2 26. Bxh6 gxh6 27. Rxb2 b6 28. a5 Re6 29. axb6 Rxb6 30. Rxb6+ axb6 31. Kg2 Bd6 32. Ra7 Bc7 33. Nh4+ Kg5 34. Nf5 d3 35. Kf3 d2 36. h4+ Kf6 37. Ke2 Rd8 38. Kd1 Rd7 39. Nxh6 b5 40. Rb7 b4 41. Rxb4 Kg6 42. Nf5 Ba5 43. Rb1 Rd3 44. Ne3 Bc3 45. Ke2 Rd6 46. Nc4 Rd4 47. Ne3 d1=R 48. Nxd1 Bb4 49. Ne3 1-0

[Event "Madrid-ch Previa-B"]
[Site "Madrid"]
[Date "2025.02.28"]
[Round "8.22"]
[White "Castro Uceda, Jose Antonio"]
[Black "Casas Gomez, Jose"]
[Result "0-1"]
[WhiteElo "1637"]
[BlackElo "1798"]
[PlyCount "104"]
[GameId "2154160513278858"]
[EventDate "2025.01.30"]
[EventType "swiss"]
[EventRounds "9"]
[EventCountry "ESP"]

1. e4 c5 2. Nf3 Nc6 3. d4 cxd4 4. Nxd4 e5 5. Nf3 Nf6 6. Bd3 Bc5 7. O-O O-O 8. Nc3 h6 9. Bb5 Re8 10. Re1 a6 11. Ba4 b5 12. Bb3 Bb7 13. Bd5 Nxd5 14. exd5 Qb6 15. Be3 Nd4 16. Ne4 Nxf3+ 17. Qxf3 Bxe3 18. Rxe3 Bxd5 19. Nf6+ Qxf6 20. Qxd5 Qc6 21. Qb3 Qc4 22. Qd3 d5 23. Qf5 f6 24. Rc3 Qb4 25. Rg3 Qe7 26. Qg6 Qf7 27. Qxh6 d4 28. Rd1 b4 29. Rdd3 Rac8 30. Rdf3 Rxc2 31. h3 Re6 32. Rf5 Kf8 33. Qh8+ Qg8 34. Rh5 Rxb2 35. a3 b3 36. Rd3 Rb6 37. g4 Qxh8 38. Rxh8+ Kf7 39. h4 Ra2 40. Rc8 Rb7 41. Rc1 b2 42. Rb1 Ra1 43. Rdd1 Rxa3 44. Kf1 Rab3 45. Ke2 a5 46. Rd3 a4 47. Rxb3 Rxb3 48. Kd2 a3 49. Kc2 Rf3 50. Rf1 Ke6 51. g5 fxg5 52. hxg5 Kf5 0-1

[Event "Madrid-ch Previa-B"]
[Site "Madrid"]
[Date "2025.02.28"]
[Round "8.23"]
[White "Neill, Christopher John"]
[Black "Palomo Fernandez, Lorenzo"]
[Result "1/2-1/2"]
[WhiteElo "1557"]
[BlackElo "1650"]
[PlyCount "76"]
[GameId "2154161670894490"]
[EventDate "2025.01.30"]
[EventType "swiss"]
[EventRounds "9"]
[EventCountry "ESP"]

1. Nf3 Nf6 2. d4 d6 3. c4 g6 4. Nc3 Bg7 5. e4 O-O 6. Be2 e5 7. Bg5 h6 8. dxe5 hxg5 9. exf6 Bxf6 10. Qc2 Nd7 11. Nd5 Bg7 12. O-O Nf6 13. Rad1 Nxd5 14. exd5 g4 15. Ne1 Qh4 16. f4 g3 17. Nf3 gxh2+ 18. Kh1 Qxf4 19. Nxh2 Qh6 20. Kg1 Bf5 21. Bd3 Qe3+ 22. Kh1 Bxd3 23. Rxd3 Qe5 24. b3 Rae8 25. Rh3 Qe2 26. Qc1 Qxa2 27. Ng4 Qb2 28. Nf6+ Bxf6 29. Qh6 Bh4 30. Qxh4 Qg7 31. Rhf3 Re5 32. Qf2 Rh5+ 33. Rh3 Qh7 34. Qf3 Rxh3+ 35. gxh3 Re8 36. Kh2 Qg7 37. Kg2 Qe5 38. Qxf7+ Kh8 1/2-1/2

[Event "Madrid-ch Previa-B"]
[Site "Madrid"]
[Date "2025.02.28"]
[Round "8.24"]
[White "De Juan Huarte, Federico"]
[Black "Gomez Lorenzo, Alvaro 2012"]
[Result "1-0"]
[WhiteElo "1636"]
[BlackElo "1483"]
[PlyCount "89"]
[GameId "2154166520180849"]
[EventDate "2025.01.30"]
[EventType "swiss"]
[EventRounds "9"]
[EventCountry "ESP"]

1. e4 c5 2. Nf3 d6 3. d4 cxd4 4. Nxd4 Nf6 5. Nc3 a6 6. Bc4 e6 7. Be3 Be7 8. f3 Nbd7 9. Qd2 Ne5 10. Bb3 Qc7 11. Qe2 b5 12. a4 b4 13. Nd1 Ng6 14. c3 bxc3 15. Nxc3 Qb7 16. Ba2 Rb8 17. Rb1 Bd7 18. O-O O-O 19. b4 Rfc8 20. Rfc1 e5 21. Nf5 Bxf5 22. exf5 Nh4 23. b5 axb5 24. Rxb5 Qd7 25. g4 Rxb5 26. axb5 Qb7 27. Kf2 h6 28. Kg3 Kf8 29. Bb1 d5 30. g5 d4 31. gxf6 Bxf6 32. Be4 Qd7 33. Nd5 Nxf5+ 34. Bxf5 Qxf5 35. Nxf6 dxe3 36. Rxc8+ Qxc8 37. Ne4 Qb7 38. Nc3 Qb6 39. Qd3 f6 40. Nd5 Qc5 41. Nxe3 Ke7 42. Nf5+ Kf7 43. Qd7+ Kg6 44. Qxg7+ Kxf5 45. Qg4# 1-0

[Event "Madrid-ch Previa-B"]
[Site "Madrid"]
[Date "2025.03.01"]
[Round "9.1"]
[White "Galarreta Santana, Javier"]
[Black "Martin Cantizano, David"]
[Result "1/2-1/2"]
[WhiteElo "1865"]
[BlackElo "1900"]
[PlyCount "88"]
[GameId "2150706263847246"]
[EventDate "2025.01.30"]
[EventType "swiss"]
[EventRounds "9"]
[EventCountry "ESP"]

1. d4 Nf6 2. c4 c5 3. d5 b5 4. cxb5 a6 5. Nc3 g6 6. e3 d6 7. Nf3 Bg7 8. a4 O-O 9. Be2 Bb7 10. O-O Nbd7 11. e4 Qb8 12. Bf4 Ng4 13. Qd2 Re8 14. Kh1 a5 15. Rad1 Qc7 16. Ne1 Nge5 17. Nc2 Rf8 18. Bg3 Nb6 19. f4 Nec4 20. Qc1 Nxb2 21. Ne3 Nxd1 22. Bxd1 e6 23. Bf3 exd5 24. Ncxd5 Bxd5 25. exd5 f5 26. Qc2 Bd4 27. Nc4 Nxc4 28. Qxc4 Rfe8 29. Rd1 Qb6 30. Bh4 Ra7 31. g4 Rf7 32. Bg5 Re3 33. Qf1 Bf6 34. Bxf6 Rxf6 35. gxf5 Rxf5 36. Bg4 Rf6 37. Qg2 Rxf4 38. Be6+ Kg7 39. Qg5 Ref3 40. Qe7+ Kh8 41. Rg1 c4 42. Qe8+ Kg7 43. Qd7+ Kh6 44. Bg8 Qxg1+ 1/2-1/2

[Event "Madrid-ch Previa-B"]
[Site "Madrid"]
[Date "2025.03.01"]
[Round "9.2"]
[White "Cardena Contreras, Javier"]
[Black "Veiga Macias, Rodrigo"]
[Result "0-1"]
[WhiteElo "1883"]
[BlackElo "1832"]
[PlyCount "166"]
[GameId "2155496828813424"]
[EventDate "2025.01.30"]
[EventType "swiss"]
[EventRounds "9"]
[EventCountry "ESP"]

1. e4 c5 2. Nf3 d6 3. d4 cxd4 4. Nxd4 Nf6 5. Nc3 a6 6. Rg1 e5 7. Nb3 Be7 8. g4 h6 9. h4 Be6 10. g5 hxg5 11. hxg5 Ng8 12. Nd5 Nc6 13. Be3 Bxd5 14. exd5 Na5 15. Bd3 Nxb3 16. axb3 g6 17. Qd2 Bf8 18. Qb4 Qc8 19. Qa4+ Ke7 20. c4 Qd7 21. Qb4 Ke8 22. Qc3 Rc8 23. Be4 Bg7 24. b4 Ne7 25. Qd3 Rh3 26. Qe2 Rh4 27. f3 Rh3 28. Bc2 Qc7 29. Bd3 e4 30. fxe4 Be5 31. Bf2 Bxb2 32. Rb1 Bc3+ 33. Kf1 Qd7 34. c5 Rh5 35. Qf3 Rh3 36. Qe2 dxc5 37. bxc5 Rh2 38. Qf3 Rh3 39. Qe2 Be5 40. c6 bxc6 41. Bxa6 Ra8 42. dxc6 Nxc6 43. Bb5 Rc3 44. Rh1 Kf8 45. Rd1 Qc7 46. Qd2 Rd8 47. Qe2 Rxd1+ 48. Qxd1 Nd4 49. Kg2 Nxb5 50. Qd5 Na3 51. Rh7 Qe7 52. Qa8+ Qe8 53. Qd5 Kg8 54. Rh6 Rc6 55. Bd4 Nc4 56. Bxe5 Nxe5 57. Qd4 Re6 58. Qc3 Qc6 59. Qd4 Qd6 60. Qc3 Re8 61. Qh3 Qd2+ 62. Kg1 Qxg5+ 63. Kh1 Qc1+ 64. Kg2 Qd2+ 65. Kg1 Qe1+ 66. Kh2 Qf2+ 67. Kh1 Qf3+ 68. Qxf3 Nxf3 69. Kg2 Ng5 70. Kg3 Nxe4+ 71. Kf4 Kg7 72. Rh2 f6 73. Ra2 g5+ 74. Kf5 Re5+ 75. Kg4 Kg6 76. Ra8 f5+ 77. Kh3 g4+ 78. Kh4 Nf6 79. Rh8 Re1 80. Kg3 Kg5 81. Kf2 Ra1 82. Kg2 f4 83. Ra8 Rxa8 0-1

[Event "Madrid-ch Previa-B"]
[Site "Madrid"]
[Date "2025.03.01"]
[Round "9.3"]
[White "Mata Medina, Andres"]
[Black "Lorenzo Martin, Hector"]
[Result "1/2-1/2"]
[WhiteElo "1871"]
[BlackElo "1981"]
[PlyCount "101"]
[GameId "2150708880404832"]
[EventDate "2025.01.30"]
[EventType "swiss"]
[EventRounds "9"]
[EventCountry "ESP"]

{[%evp 0,12,11,35,9,18,13,57,21,8,24,8,17,28,24]} 1. d4 d5 2. c4 e6 3. Nc3 Nf6 4. Nf3 Nbd7 5. Bg5 Be7 6. e3 h6 7. Bh4 O-O 8. cxd5 Nxd5 9. Bxe7 Nxe7 10. Bc4 c5 11. O-O b6 12. Qe2 a6 13. a4 Bb7 14. Rfd1 Qc7 15. d5 exd5 16. Nxd5 Nxd5 17. Bxd5 Bxd5 18. Rxd5 Nf6 19. Rd2 Rfe8 20. Rc2 Qc6 21. b4 Re4 22. bxc5 bxc5 23. Rac1 Nd7 24. Rc4 Rxc4 25. Qxc4 Rb8 26. a5 Qb5 27. Qg4 Nf6 28. Qf4 Rc8 29. Nh4 Qb2 30. Qc4 Qb5 31. Qf4 Qxa5 32. Nf5 Qd8 33. Qg3 g6 34. Nxh6+ Kf8 35. h3 c4 36. Qf4 c3 37. Ng4 Nxg4 38. Qxg4 a5 39. h4 Rc7 40. h5 gxh5 41. Qxh5 Qf6 42. Qxa5 Qc6 43. Qb4+ Ke8 44. Qd4 c2 45. f3 Rd7 46. Qh8+ Ke7 47. Qe5+ Kd8 48. Qb8+ Ke7 49. Qe5+ Kf8 50. Qh8+ Ke7 51. Qe5+ 1/2-1/2

[Event "Madrid-ch Previa-B"]
[Site "Madrid"]
[Date "2025.03.01"]
[Round "9.4"]
[White "Liern Matesanz, Jairo"]
[Black "Palomo Monserrat, Lorenzo"]
[Result "1/2-1/2"]
[WhiteElo "1923"]
[BlackElo "1949"]
[PlyCount "29"]
[GameId "2150678649184431"]
[EventDate "2025.01.30"]
[EventType "swiss"]
[EventRounds "9"]
[EventCountry "ESP"]

1. d4 d5 2. c4 dxc4 3. Nf3 Nf6 4. e3 e6 5. Bxc4 c5 6. O-O a6 7. Re1 b5 8. Bf1 Bb7 9. a4 b4 10. Nbd2 Nbd7 11. Nc4 Be7 12. b3 O-O 13. Bb2 Qc7 14. Rc1 Rfd8 15. Bd3 1/2-1/2

[Event "Madrid-ch Previa-B"]
[Site "Madrid"]
[Date "2025.03.01"]
[Round "9.5"]
[White "Perdiguero Herreros, Alejandro"]
[Black "San Vicente Crespo, Pablo"]
[Result "1/2-1/2"]
[WhiteElo "1924"]
[BlackElo "1812"]
[PlyCount "38"]
[GameId "2150679487750335"]
[EventDate "2025.01.30"]
[EventType "swiss"]
[EventRounds "9"]
[EventCountry "ESP"]

1. d4 Nf6 2. c4 g6 3. Nc3 Bg7 4. e4 d6 5. f3 O-O 6. Be3 c5 7. d5 e6 8. Bd3 exd5 9. cxd5 a6 10. Nge2 b5 11. a3 Re8 12. Qd2 Nbd7 13. O-O Qe7 14. Bg5 Ne5 15. f4 Nxd3 16. Qxd3 b4 17. e5 bxc3 18. exf6 Qxe2 19. Qxe2 Rxe2 1/2-1/2

[Event "Madrid-ch Previa-B"]
[Site "Madrid"]
[Date "2025.03.01"]
[Round "9.6"]
[White "Quiroga Andres, Carlos"]
[Black "Cabanas Bravo, Juan Andres"]
[Result "1/2-1/2"]
[WhiteElo "1841"]
[BlackElo "1931"]
[PlyCount "27"]
[GameId "2150677594742929"]
[EventDate "2025.01.30"]
[EventType "swiss"]
[EventRounds "9"]
[EventCountry "ESP"]

1. d4 Nf6 2. Nf3 c5 3. e3 d5 4. c3 g6 5. Bd3 Bg7 6. Nbd2 O-O 7. O-O Nbd7 8. Qe2 Qb6 9. Re1 Re8 10. Bc2 e5 11. dxe5 Nxe5 12. Nxe5 Rxe5 13. Nf3 Rh5 14. h3 1/2-1/2

[Event "Madrid-ch Previa-B"]
[Site "Madrid"]
[Date "2025.03.01"]
[Round "9.7"]
[White "De Vicente Guijarro, Juan"]
[Black "Gonzalez Jimenez, Marcos Valero"]
[Result "1-0"]
[WhiteElo "1922"]
[BlackElo "1840"]
[PlyCount "66"]
[GameId "2150779015368838"]
[EventDate "2025.01.30"]
[EventType "swiss"]
[EventRounds "9"]
[EventCountry "ESP"]

1. e4 c5 2. Nf3 e6 3. d4 cxd4 4. Nxd4 Nc6 5. Nc3 Qc7 6. Be2 a6 7. O-O Nf6 8. Be3 Be7 9. f4 d6 10. a4 O-O 11. Kh1 Rd8 12. Nb3 b6 13. Bf3 Bb7 14. Qe2 Rac8 15. Qf2 Nd7 16. Rad1 Nc5 17. Nxc5 bxc5 18. g4 Nb4 19. Qg2 Bc6 20. Rd2 Qb7 21. Rfd1 Rd7 22. b3 Rcd8 23. Ne2 a5 24. f5 Nxc2 25. Rxc2 Qxb3 26. Nc3 Bxa4 27. Rdc1 Bc6 28. Rb1 Qc4 29. Be2 Bxe4 30. Qxe4 Qxe4+ 31. Nxe4 exf5 32. gxf5 Bf8 33. Bb5 Re7 1-0

[Event "Madrid-ch Previa-B"]
[Site "Madrid"]
[Date "2025.03.01"]
[Round "9.8"]
[White "Marin Lopez, Juan Jose"]
[Black "Fernandez Kalinov, Rodrigo"]
[Result "0-1"]
[WhiteElo "1907"]
[BlackElo "1715"]
[PlyCount "78"]
[GameId "2155503267791006"]
[EventDate "2025.01.30"]
[EventType "swiss"]
[EventRounds "9"]
[EventCountry "ESP"]

1. e4 c5 2. Nc3 Nc6 3. Bb5 e5 4. d3 Nf6 5. Nf3 d6 6. O-O Bg4 7. h3 Bh5 8. Nd5 Be7 9. c3 O-O 10. Ne3 Qc7 11. a4 Na5 12. g4 Bg6 13. g5 Nh5 14. Nd5 Qd8 15. b4 cxb4 16. cxb4 Nc6 17. Be3 f5 18. Bc4 Kh8 19. exf5 Bxf5 20. Kh2 Nf4 21. Bxf4 exf4 22. Rg1 Bg6 23. b5 Ne5 24. Nxe5 dxe5 25. Nxe7 Qxe7 26. Qf3 Rad8 27. Bd5 Bh5 28. Qe4 Qc5 29. Bxb7 Bg6 30. Qg2 Rxd3 31. Rad1 Rfd8 32. Rc1 Qd4 33. Rc8 Rxc8 34. Bxc8 Rd2 35. Rf1 Be4 36. Qg1 Bd3 37. Kg2 f3+ 38. Kxf3 Qf4+ 39. Kg2 Be4# 0-1

[Event "Madrid-ch Previa-B"]
[Site "Madrid"]
[Date "2025.03.01"]
[Round "9.9"]
[White "Clavero Alarcon, Jose Miguel"]
[Black "Arce Balluerca, Oscar"]
[Result "0-1"]
[WhiteElo "1822"]
[BlackElo "1842"]
[PlyCount "96"]
[GameId "2155504351183020"]
[EventDate "2025.01.30"]
[EventType "swiss"]
[EventRounds "9"]
[EventCountry "ESP"]

1. e4 Nf6 2. e5 Nd5 3. d4 d6 4. Nf3 g6 5. Bc4 Nb6 6. Bb3 Bg7 7. Bf4 O-O 8. O-O Nc6 9. Qe2 Bg4 10. c3 Qc8 11. Nbd2 dxe5 12. dxe5 Qf5 13. Qe3 Na5 14. Nd4 Qc8 15. Bg3 Nxb3 16. axb3 c5 17. Nc2 Nd5 18. Qe4 Rd8 19. Ne3 Nxe3 20. Qxe3 b6 21. f3 Be6 22. Rfd1 a5 23. c4 f5 24. Qe2 Ra7 25. Nf1 Rad7 26. Ne3 Rd4 27. Nc2 R4d7 28. Na3 g5 29. f4 gxf4 30. Bxf4 Rd4 31. g3 Re4 32. Qf3 Bxe5 33. Bxe5 Rxe5 34. Qf4 Re2 35. Qg5+ Kf8 36. Qh6+ Kg8 37. Nb5 Rxd1+ 38. Rxd1 Qa8 39. Qg5+ Kh8 40. Rd5 Bxd5 41. Nc7 Qc8 42. Nxd5 Qe6 43. Nc3 Rxb2 44. Kf1 Rc2 45. Qh5 Rxc3 46. Qd1 Qe3 47. Qd8+ Kg7 48. Qd1 Rc1 0-1

[Event "Madrid-ch Previa-B"]
[Site "Madrid"]
[Date "2025.03.01"]
[Round "9.10"]
[White "Baeza Escudero, Javier"]
[Black "Garcia Tanjala, Marko"]
[Result "0-1"]
[WhiteElo "1974"]
[BlackElo "1822"]
[PlyCount "53"]
[GameId "2150694391488680"]
[EventDate "2025.01.30"]
[EventType "swiss"]
[EventRounds "9"]
[EventCountry "ESP"]

1. e4 e5 2. Nf3 Nc6 3. Bb5 Nf6 4. d4 exd4 5. O-O Be7 6. e5 Nd5 7. Nxd4 O-O 8. Nf5 d6 9. Nxe7+ Ndxe7 10. exd6 Qxd6 11. Qxd6 cxd6 12. c3 Bf5 13. Bf4 Rad8 14. Nd2 a6 15. Be2 d5 16. Nb3 Ng6 17. Bg3 Rfe8 18. Rfe1 Nge5 19. Nc5 Bc8 20. Rad1 d4 21. Bxe5 Rxe5 22. Nd3 Rxe2 23. Nb4 Nxb4 24. cxb4 d3 25. g4 Rxe1+ 26. Rxe1 d2 27. Rf1 0-1

[Event "Madrid-ch Previa-B"]
[Site "Madrid"]
[Date "2025.03.01"]
[Round "9.11"]
[White "Quiros Florea, Rafael Santiago"]
[Black "Caballero Sanchez, Francisco"]
[Result "1-0"]
[WhiteElo "1660"]
[BlackElo "1775"]
[PlyCount "57"]
[GameId "2150693325439129"]
[EventDate "2025.01.30"]
[EventType "swiss"]
[EventRounds "9"]
[EventCountry "ESP"]

1. d4 Nf6 2. c4 e6 3. Nc3 Bb4 4. e3 Bxc3+ 5. bxc3 d6 6. Bd3 O-O 7. Nf3 Nc6 8. O-O b6 9. Qe2 Na5 10. Ba3 c5 11. Nd2 Ba6 12. Nb3 Nxb3 13. axb3 Bb7 14. b4 Qc7 15. f3 e5 16. bxc5 dxc5 17. d5 e4 18. fxe4 Rfe8 19. Rxf6 gxf6 20. Qg4+ Kh8 21. Qh4 Qe5 22. Rf1 Kg7 23. Rf5 Qxc3 24. e5 Kf8 25. Qh6+ Kg8 26. Rg5+ fxg5 27. Bxh7+ Kh8 28. Bg6+ Kg8 29. Qh7+ 1-0

[Event "Madrid-ch Previa-B"]
[Site "Madrid"]
[Date "2025.03.01"]
[Round "9.14"]
[White "Godoy Herrera, Carlos"]
[Black "Rodriguez Torrejon, Alberto"]
[Result "1-0"]
[WhiteElo "1806"]
[BlackElo "1630"]
[PlyCount "55"]
[GameId "2150697372909857"]
[EventDate "2025.01.30"]
[EventType "swiss"]
[EventRounds "9"]
[EventCountry "ESP"]

1. d4 f5 2. c4 e6 3. Nc3 Bb4 4. Nf3 Nf6 5. e3 b6 6. Bd3 Bb7 7. O-O Bxc3 8. bxc3 Ne4 9. Ne5 O-O 10. f3 Nxc3 11. Qb3 Nxa2 12. Ba3 d6 13. Be2 Re8 14. Nd3 Qg5 15. Nf2 e5 16. Rxa2 exd4 17. exd4 Re3 18. Nd3 Re6 19. Bc1 Qh4 20. Nf4 Rh6 21. Nh3 Qxd4+ 22. Be3 Qf6 23. Bxh6 Qxh6 24. c5+ Kf8 25. cxb6 axb6 26. Rxa8 Bxa8 27. f4 Nd7 28. Qa4 1-0